| LEADER | 01341cam a2200289 a 4500 | ||
|---|---|---|---|
| 001 | 0000098563 | ||
| 005 | 20120418090000.0 | ||
| 040 | |a mod | ||
| 041 | |a eng | ||
| 020 | |a 9781932033540 | ||
| 090 | 0 | 0 | |a 297.7 |b BUT |e 2007 |
| 100 | 1 | |a Butler |h Daniel Allen | |
| 245 | 1 | 4 | |a The first jihad |b the battle for Khartoum and the dawn of Militant Islam |c Daniel Allen Butler |
| 260 | |a Philadelphia |b Casemate |c 2007 | ||
| 300 | |a ix, 260 p. |b ill. maps. |c 24 cm | ||
| 504 | |a Includes bibliographical references and index | ||
| 650 | 0 | 0 | |a Jihad |x History |
| 650 | 0 | 0 | |a War |x Religious aspects |x Islam |
| 852 | 0 | 0 | |a 01 |
| 999 | |a 0000011241 |b MTAT |d BOOKS |e Umum |f MTAT |j AVAILABLE |q GOOD CONDITION | ||
| 999 | |a 0271655 |b INSKEP(SITU) |d BOOKS |e Umum |f INSKEP (SITU) |j AVAILABLE |q GOOD CONDITION | ||
| 999 | |a 0278151 |b KEMENTAH |d BOOKS |e Umum |f Perpustakaan KEMENTAH |j AVAILABLE |q GOOD CONDITION | ||
| 999 | |a 0282983 |b Markas Garison Gemas |d BOOKS |e Umum |f Markas Garison Gemas |j AVAILABLE |q GOOD CONDITION | ||
| 999 | |a 0286565 |b MAWILLA II |d BOOKS |e Umum |f MAWILLA 2 |j AVAILABLE |q GOOD CONDITION | ||
| 999 | |a 0288193 |b PU Butterworth(TUDM BUTTERWORTH) |d BOOKS |e Umum |f PU Butterworth |j AVAILABLE |q GOOD CONDITION | ||
| 999 | |a 0290283 |b 5 BGD |d BOOKS |e Umum |f 5 BGD |j AVAILABLE |q GOOD CONDITION | ||
| 999 | |a 0293597 |b Markas Garison Gemas |d BOOKS |e Umum |f Markas Garison Gemas |j AVAILABLE |q GOOD CONDITION | ||